| 000 | 00962nam a2200217Ia 4500 | ||
|---|---|---|---|
| 003 | OSt | ||
| 005 | 20210531150216.0 | ||
| 008 | 210310s2008 ck gr 000 0 spa d | ||
| 040 |
_aCO-JMCR _cCO-JMCR |
||
| 041 | 0 | _aspa | |
| 082 |
_a331.125 / _bM665e _223 |
||
| 110 | 2 |
_aColombia. _bMinisterio de la Protección Social _936127 |
|
| 245 | 1 | 0 |
_aEmpresas de servicios temporales / _cMinisterio de Protección Social |
| 260 |
_aBogotá : _bMinisterio de Protección Social, _c2008. |
||
| 300 |
_a64 páginas ; _c23 cm. |
||
| 505 | 0 | _aAspectos generales. -- Instructivo metodológico para el diligenciamiento de reportes estadísticos de las empresas de servicios temporales. | |
| 520 | 0 | _aEn el marco de la coordinación y evolución de la política y funcionamiento de la gestión e intermediación pública y privada del empleo. | |
| 650 | 1 | 4 |
_aServicios temporales _xEmpleo _938031 |
| 650 | 2 | 4 |
_aEstadísticas de empresas temporales _938032 |
| 942 |
_2ddc _cBK |
||
| 999 |
_c11823 _d11823 |
||